Statistiques concernant Personnages célèbres - Série 16

Cliquez ici pour prendre le quiz!

Statistiques générales

  • Ce quiz a été pris 264 fois
  • Le résultat moyen est 9 sur 15

Statistiques - réponses

Réponse% Correct
Nelson Mandela
95%
Cyril Hanouna
93%
Michel Drucker
92%
Nelson Monfort
79%
Michel Cymes
74%
Karine Le Marchand
73%
Hugues Aufray
67%
Paul Bocuse
64%
Bernard Laporte
56%
Jean Pierre Papin
44%
Corinne Touzet
35%
Jean Pierre Chevenement
34%
Michel Hidalgo
29%
Isabelle Aubret
22%
Nicole Garcia
20%

Distribution des résultats

Percentile par nombre de réponses

% des personnes avec chaque résultat

Votre développement - résultats

Vous n’avez pas pris ce quiz